000 00751nam a2200229 i 4500
001 bg
100 1 _aWITCZAK, Hanna
245 1 0 _aWygaśnięcie użytkowania wieczystego /
_cHanna Witczak.
260 _aWarszawa :
_bWydaw. Prawnicze "LexisNexis",
_c2005.
300 _a226 s. ;
_c21 cm.
504 _aBibliogr.
650 9 _aNieruchomości
_xprawo
_zPolska
_ystan na 2004 r.
650 9 _aUżytkowanie wieczyste
_xprawo
_zPolska
_ystan na 2004 r.
020 _a8373344039
040 _cBPK
041 0 _apol
080 _a347.2(438)
920 _a83-7334-403-9
942 _cKS
008 s pl f |000 0 pol
999 _c45350
_d45350
856 _uhttp://koha.tu.koszalin.pl/cgi-bin/koha/opac-detail.pl?biblionumber=45350
_yKatalog online BPK